=LDR 00000nam 2200000 4500 =001 INLIS000000000016424 =005 20130612111719 =008 ***********************************Ind** =035 ##$$0010-061300000016424 =041 ##$$a Ind =082 ##$$a 372.5 =090 ##$$a 372.5, Bar k =100 ##$$a Barmin =245 ##$$a Kerajinan tangan dan kesenian untuk SD, kurikulum pendidikan dasar 1994 sesuai GBPP SD, Barmin, BA, Eko Wijiono =260 ##$$a 1994 $b Solo =300 ##$$a ...jil., ilus, 21 cm =650 ##$$a Kerajinan Tangan =650 ##$$a Kesenian =700 ##$$a Wijiono, Eko =850 ##$$a NBPNMAT